| 000 -LEADER |
| fixed length control field |
00265nam a2200121Ia 4500 |
| 008 - FIXED-LENGTH DATA ELEMENTS--GENERAL INFORMATION |
| fixed length control field |
210107s9999 xx 000 0 und d |
| 100 ## - MAIN ENTRY--PERSONAL NAME |
| Personal name |
ISO |
| 245 #0 - TITLE STATEMENT |
| Title |
ISO 14000Environmental Management |
| 250 ## - EDITION STATEMENT |
| Edition statement |
2nd |
| 260 ## - PUBLICATION, DISTRIBUTION, ETC. |
| Place of publication, distribution, etc. |
Geneva |
| Name of publisher, distributor, etc. |
ISO |
| 300 ## - PHYSICAL DESCRIPTION |
| Extent |
400 |
| 942 ## - ADDED ENTRY ELEMENTS (KOHA) |
| Koha item type |
Books |